000 00333nam a22001337a 4500
020 _a059600799x
082 _222
_a005.133
100 _aLiberty, Jesse.
245 _aVisual C # 2005 :
_ba developer's notebook /
250 _a1st.
260 _aBeijing,
_bO'Reilly,
_cc2005.
300 _axv, 221p. ;
_bill. ;
_c23 cm.
942 _2ddc
_cIT
999 _c1419
_d1419